| 000 | 00926nam a22003017a 4500 | ||
|---|---|---|---|
| 001 | 7914 | ||
| 003 | FISKH | ||
| 005 | 20250813154802.0 | ||
| 008 | 250813b cb ||||| |||| 00| 0 eng d | ||
| 020 | _a9780756510954 | ||
| 040 |
_aFISKH _beng _cFISKH _dFISKH |
||
| 050 | _aQB843.B55 R38 | ||
| 082 | _a523.8 | ||
| 100 |
_aRau, Meachen Dana _d(1971-) |
||
| 245 |
_aOur solar system : _bBlack holes / _cBy Dana Meachen Rau |
||
| 250 | _aThis edition first published in 2007 | ||
| 260 |
_aNorth Mankato : _bCompass, _c2007 |
||
| 300 |
_a32 pages : _bcolor illustrations ; _c26 cm |
||
| 505 | _aZ | ||
| 520 | _aDescribes the characteristics, formation, and study of black holes in our solar system. | ||
| 521 | 8 |
_a930
_bLexile |
|
| 521 | 8 |
_aZ
_bRaz-Plus |
|
| 650 |
_2Solar system _aScience |
||
| 650 |
_2Homeschool _aBlack |
||
| 700 |
_aZhurkina, Svetlana _dillustrator |
||
| 942 |
_2ddc _cBK _n0 |
||
| 999 |
_c7914 _d7914 |
||